<?xml version="1.0" encoding="UTF-8"?>
<record
    xmlns:xsi="http://www.w3.org/2001/XMLSchema-instance"
    xsi:schemaLocation="http://www.loc.gov/MARC21/slim http://www.loc.gov/standards/marcxml/schema/MARC21slim.xsd"
    xmlns="http://www.loc.gov/MARC21/slim">

  <leader>02229    a2200193   4500</leader>
  <controlfield tag="001">123057</controlfield>
  <datafield tag="020" ind1=" " ind2=" ">
    <subfield code="a">9780545251099</subfield>
  </datafield>
  <datafield tag="040" ind1=" " ind2=" ">
    <subfield code="c">Escola Canadense de Niteroi</subfield>
  </datafield>
  <datafield tag="090" ind1=" " ind2=" ">
    <subfield code="a">RIB-D3</subfield>
  </datafield>
  <datafield tag="100" ind1=" " ind2=" ">
    <subfield code="a">Ribeiro, Jo&#xE3;o Ubaldo</subfield>
  </datafield>
  <datafield tag="245" ind1="1" ind2="0">
    <subfield code="a">Dez Bons Conselhos de Meu Pai </subfield>
  </datafield>
  <datafield tag="260" ind1=" " ind2=" ">
    <subfield code="a">Rio de Janeiro</subfield>
  </datafield>
  <datafield tag="300" ind1=" " ind2=" ">
    <subfield code="b">il.</subfield>
    <subfield code="c">4 x 19.2 x 0.6 cm</subfield>
  </datafield>
  <datafield tag="362" ind1="0" ind2=" ">
    <subfield code="a">2011</subfield>
  </datafield>
  <datafield tag="520" ind1=" " ind2=" ">
    <subfield code="a">Manuel Ribeiro, o pai do escritor baiano Jo&#xE3;o Ubaldo Ribeiro, era um homem estudioso e sempre foi exemplo e inspira&#xE7;&#xE3;o para o filho. Foi professor de hist&#xF3;ria e de direito, ocupou v&#xE1;rios cargos importantes, como o de diretor da Faculdade de Direito da Universidade Cat&#xF3;lica de Salvador. Na pol&#xED;tica, foi deputado estadual em Sergipe e vereador em salvador. Mas afora todos esses t&#xED;tulos socialmente importantes, Manuel Ribeiro foi um bom pai. Construiu junto com a mulher, Maria Felipa Os&#xF3;rio Pimentel, uma casa cheia de livros, com uma biblioteca que se espalhava por todos os c&#xF4;modos e contemplava todos os g&#xEA;neros que se podiam imaginar: romance, filosofia, pol&#xED;tica, esoterismo. Jo&#xE3;o Ubaldo, o filho mais velho do casal, inserido nessa atmosfera, descobriu que estavam nos livros as suas vontades. Sem que ningu&#xE9;m mandasse, o Jo&#xE3;o menino vivia mergulhado nas hist&#xF3;rias. Em Dez Bons Conselhos de Meu Pai, o romancista Ubaldo Ribeiro, considerado um dos escritores mais importantes do pa&#xED;s e autor de livros indispens&#xE1;veis na literatura contempor&#xE2;nea, traduz em senten&#xE7;as curtas, mas essenciais, o resumo das diretrizes de vida mais importantes passadas por seu pai. Coisas como: n&#xE3;o seja burro, n&#xE3;o seja amargo e nunca seja medroso s&#xE3;o apenas alguns deles. Rigoroso, Manuel era um pai atento &#xE0; educa&#xE7;&#xE3;o do filho mais velho, fazendo com que Jo&#xE3;o decorasse versos e mais versos e recorrer ao dicion&#xE1;rio a cada palavra que n&#xE3;o conhecia. Manuel ensinou Jo&#xE3;o a amar os livros, o valor do estudo, a vontade de saber sempre mais e, com isso, contribuiu para a constru&#xE7;&#xE3;o de um dos mais importantes autores da literatura brasileira. Seus bons conselhos e a vis&#xE3;o de mundo que deixou de legado ao filho, s&#xE3;o generosamente compartilhados pelo autor baiano.</subfield>
  </datafield>
  <datafield tag="650" ind1=" " ind2="4">
    <subfield code="a">Literatura Infantil</subfield>
  </datafield>
  <datafield tag="650" ind1=" " ind2="4">
    <subfield code="a">Fam&#xED;lia</subfield>
  </datafield>
  <datafield tag="942" ind1=" " ind2=" ">
    <subfield code="c">BK</subfield>
  </datafield>
  <datafield tag="952" ind1=" " ind2=" ">
    <subfield code="0">0</subfield>
    <subfield code="1">0</subfield>
    <subfield code="4">0</subfield>
    <subfield code="7">0</subfield>
    <subfield code="a">80.1</subfield>
    <subfield code="b">80.1</subfield>
    <subfield code="d">2024-02-09</subfield>
    <subfield code="l">0</subfield>
    <subfield code="o">RIB-D3</subfield>
    <subfield code="p">A09157</subfield>
    <subfield code="r">2024-02-09 21:19:14</subfield>
    <subfield code="w">2024-02-09</subfield>
    <subfield code="y">BK</subfield>
  </datafield>
  <datafield tag="999" ind1=" " ind2=" ">
    <subfield code="c">123057</subfield>
    <subfield code="d">123057</subfield>
  </datafield>
</record>
